Condicions de vida i hàbits de la gent gran de la província de Barcelona / Elena Sintes Pascual, Antoni Ramon Riba
ISBN:
84-88068-76-X
Descripción Física:
144 p. : gràf. ; 30 cm
Colección:
Monografies ; 5
Otros Autores:
Ramon Riba, Antoni
MARC
| LEADER | 00000nam a2200000Ia 4500 | ||
|---|---|---|---|
| 001 | 17037 | ||
| 008 | 160829s2003 xx 000 0 cat d | ||
| 020 | |a 84-88068-76-X | ||
| 080 | |a M-5-104 | ||
| 100 | |a Sintes Pascual, Elena |9 28194 | ||
| 245 | |a Condicions de vida i hàbits de la gent gran de la província de Barcelona / Elena Sintes Pascual, Antoni Ramon Riba | ||
| 260 | |a [Bellaterra] : |b Institut d'Estudis Regionals i Metropolitans de Barcelona, |c 2003 | ||
| 300 | |a 144 p. : |b gràf. ; |c 30 cm | ||
| 490 | |a Monografies ; 5 | ||
| 590 | |a Aquest informe ha estat dut a terme a partir de les dades de l'Enquesta sobre condicions de vida i hàbits de la població de la regió de Barcelona 2000, realitzada per encàrrec de la Mancomunitat de Municipis de l'Area Metropolitana de Barcelona i la Diputació de Barcelona. | ||
| 590 | |a Inclou estadístiques | ||
| 650 | |a Gent gran |x Barcelona (Província) |x Condicions socials |9 35208 | ||
| 700 | |a Ramon Riba, Antoni |9 28809 | ||
| 710 | |a Institut d'Estudis Regionals i Metropolitans de Barcelona |9 17648 | ||
| 710 | 2 | |a Mancomunitat de Municipis de l'Àrea Metropolitana de Barcelona |9 6256 | |
| 901 | |a Arxiu | ||
| 942 | |n 1 | ||
| 952 | |0 0 |1 0 |4 0 |6 M5104 |7 1 |9 46812 |a Arxiu |b Arxiu |d 2016-12-01 |l 0 |o M-5-104 |p 17037 |r 2016-12-01 00:00:00 |w 2016-12-01 |y ARXIU | ||
| 999 | |c 50605 |d 50605 | ||